Two-Word Sports Teams Quiz Stats

Quiz Updated Jun 12, 2017

Also try: Two 'of the' Words
Challenge
Share
Tweet
Embed
Score 0/8 Timer 02:00
0 Plays Today
League Team Name % Correct
MLBRed Sox
93.1%
MLBWhite Sox
91.8%
MLBBlue Jays
68.9%
NHLRed Wings
68.4%
NHLBlue Jackets
48.7%
NHL Maple Leafs
47.8%
NBATrail Blazers
41.9%
NHLGolden Knights
35.8%

You're not logged in!

Compare scores with friends on all Sporcle quizzes.
Sign Up with Email
OR
Log In

You Might Also Like...

Show Comments

Extras

Top Quizzes Today


Score Distribution

Your Account Isn't Verified!

In order to create a playlist on Sporcle, you need to verify the email address you used during registration. Go to your Sporcle Settings to finish the process.